[Event "Belgrade Serbia op"]
[Site "Belgrade"]
[Date "2023.07.23"]
[Round "8"]
[White "Zoric, Savo"]
[Black "Huseynova, Lala"]
[Result "0-1"]
[WhiteElo "2083"]
[BlackElo "1711"]
[PlyCount "108"]
[EventDate "2023.07.16"]
[EventType "swiss"]
[EventRounds "9"]
[EventCountry "SRB"]
[SourceTitle "EXT 2024"]
[Source "ChessBase"]
[SourceDate "2023.10.10"]
[SourceVersion "1"]
[SourceVersionDate "2023.10.10"]
[SourceQuality "1"]

1. Nf3 d5 2. g3 Bg4 3. Bg2 c6 4. h3 Bh5 5. 0-0 e6 6. d4 Bd6 7. c4 Nf6 8. Qb3 b6 9. Nc3 0-0 10. cxd5 cxd5 11. Nb5 Be7 12. Bf4 Nc6 13. Rfc1 Bxf3 14. Bxf3 Qd7 15. Qd1 a6 16. Nc3 b5 17. Qd2 b4 18. Na4 Qb7 19. Nc5 Qb6 20. e3 Rac8 21. g4 Rfd8 22. g5 Ne8 23. Be2 e5 24. Bg3 exd4 25. exd4 Nxd4 26. Qxd4 Bxc5 27. Qd3 Nc7 28. h4 Bd6 29. Bg4 Rb8 30. Kg2 Nb5 31. Rd1 Bxg3 32. fxg3 d4 33. Rf1 Re8 34. Qb3 Nd6 35. Qd5 Qb7 36. Bf3 Qxd5 37. Bxd5 Re5 38. Bb3 Re2+ 39. Rf2 Rbe8 40. Rd1 Nf5 41. Kg1 Re1+ 42. Rf1 Rxd1 43. Rxd1 Nxg3 44. Kf2 Nf5 45. h5 g6 46. h6 a5 47. Rc1 Nd6 48. Kf3 d3 49. Rc6 Ne4 50. Ke3 d2 51. Rc7 d1Q 52. Bxd1 Nc3+ 53. Kd2 Rd8+ 54. Kc2 Nxd1 0-1